Zákon č. 178/1998 Z.z. zo 14. mája 1998 o podmienkach predaja výrobkov a poskytovania služieb na trhových miestach ...

Zákon č. 178/1998 Z.z. o podmienkach ... a o zmene a doplnení zákona č. 455/1991 Zb. o živnostenskom podnikaní (Živnostenský zákon) v znení neskorších predpisov a zákona č. 524/2005 Z.z. Zákon upravuje podmienky predaja výrobkov a poskytovania služieb na trhových miestach, úlohy obcí pri zriaďovaní...

Ausführliche Beschreibung

Gespeichert in:
Bibliographische Detailangaben
Format: Buchkapitel
Sprache:Slowakisch
Schlagworte:
Tags: Tag hinzufügen
Keine Tags, Fügen Sie das erste Tag hinzu!

MARC

LEADER 00000naa$a2200000$$$4500
001 0041178
005 20231106072023.4
041 0 |a slo 
044 |a SK 
245 1 0 |a Zákon č. 178/1998 Z.z. zo 14. mája 1998 o podmienkach predaja výrobkov a poskytovania služieb na trhových miestach ... 
520 |a Zákon č. 178/1998 Z.z. o podmienkach ... a o zmene a doplnení zákona č. 455/1991 Zb. o živnostenskom podnikaní (Živnostenský zákon) v znení neskorších predpisov a zákona č. 524/2005 Z.z. Zákon upravuje podmienky predaja výrobkov a poskytovania služieb na trhových miestach, úlohy obcí pri zriaďovaní a povoľovaní trhových miest. povinnosti fyzických a právnických osôb pri predaji výrobkov a poskytovaní služieb na trhových miestach a oprávnenia orgánov dozoru pri kontrole dodržiavania tohto zákona. 
610 2 0 |a predaj 
610 2 0 |a výrobky 
610 2 0 |a služby 
610 2 0 |a trhoviská 
610 2 0 |a tržnice 
610 2 0 |a trhy 
610 2 0 |a podmienky predajné 
610 2 0 |a predaj ambulantný 
610 2 0 |a podnikanie živnostenské 
610 2 0 |a zákony 
610 2 0 |a Slovensko 
610 2 0 |a 1998-2005